Sports Quiz

Random Sports or MLB Quiz

MLB Opening Day Starting Pitchers (2015) Quiz Stats

 Plays Quiz Updated Jul 6, 2015

Challenge
Share
Tweet
Embed
Score 0/30 Timer 05:00
0 Plays Today
% Correct
Clayton Kershaw
83.7%
Jon Lester
78.5%
Félix Hernández
76.7%
Max Scherzer
75.8%
David Price
74.9%
Madison Bumgarner
74.4%
Adam Wainwright
72.9%
Cole Hamels
67.5%
Masahiro Tanaka
65.7%
Johnny Cueto
61.9%
Corey Kluber
61.7%
Bartolo Colón
57.2%
Jered Weaver
56.2%
James Shields
56%
Sonny Gray
53.7%
% Correct
Chris Archer
48.8%
Francisco Liriano
47.6%
Yordano Ventura
45.7%
Dallas Keuchel
45.3%
Julio Teherán
40.7%
Chris Tillman
38.7%
Clay Buchholz
36.8%
Phil Hughes
36.7%
Yovani Gallardo
35.2%
Jeff Samardzija
27.7%
Henderson Álvarez
24.9%
Kyle Lohse
24.8%
Drew Hutchison
20.9%
Josh Collmenter
18%
Kyle Kendrick
17%

You're not logged in!

Compare scores with friends on all Sporcle quizzes.
OR
Log In

You Might Also Like...

Show Comments

Extras

Top Quizzes Today


Score Distribution

Your Account Isn't Verified!

In order to create a playlist on Sporcle, you need to verify the email address you used during registration. Go to your Sporcle Settings to finish the process.

Report this User

Report this user for behavior that violates our Community Guidelines.

Details: